|
|
|
|
| LEADER |
00000nam0a2200000 4500 |
| 001 |
73353 |
| 005 |
20231031084325.0 |
| 010 |
|
|
|a 5703818605
|
| 035 |
|
|
|a (RuTPU)RU\TPU\book\78278
|
| 090 |
|
|
|a 73353
|
| 100 |
|
|
|a 20050215d2004 m y0rusy50 ca
|
| 101 |
0 |
|
|a rus
|
| 102 |
|
|
|a RU
|
| 105 |
|
|
|a a j 001zy
|
| 200 |
1 |
|
|a Материаловедение
|e учебник для вузов
|f Б. Н. Арзамасов, В. И. Макарова, Г. Г. Мухин и др.
|
| 205 |
|
|
|a 6-е изд., стер.
|
| 210 |
|
|
|a Москва
|c Изд-во МГТУ
|d 2004
|
| 215 |
|
|
|a 648 с.
|c ил.
|
| 225 |
1 |
|
|a Учебник для технических вузов
|
| 320 |
|
|
|a Библиогр.: с. 630-631.
|
| 320 |
|
|
|a Предметный указатель: с. 632-637.
|
| 451 |
|
1 |
|0 (RuTPU)RU\TPU\book\112563
|y 5-7038-1860-5
|t Материаловедение
|o учебник для вузов
|f Б. Н. Арзамасов, В. И. Макарова, Г. Г. Мухин и др.
|e 7-е изд., стер.
|c Москва
|n Изд-во МГТУ
|d 2005
|p 648 с.
|
| 451 |
|
1 |
|0 (RuTPU)RU\TPU\book\35833
|t Материаловедение
|o учебное пособие
|f Под ред. Б.Н.Арзамасова
|e 2-е изд., испр. и доп.
|c Москва
|n Машиностроение
|d 1986
|p 383 с.
|s Учебник для технических вузов
|
| 610 |
1 |
|
|a материаловедение
|
| 610 |
1 |
|
|a материалы
|
| 610 |
1 |
|
|a строение
|
| 610 |
1 |
|
|a свойства
|
| 610 |
1 |
|
|a литые материалы
|
| 610 |
1 |
|
|a структура
|
| 610 |
1 |
|
|a сплавы
|
| 610 |
1 |
|
|a диаграммы состояний
|
| 610 |
1 |
|
|a деформированные металлы
|
| 610 |
1 |
|
|a термическая обработка
|
| 610 |
1 |
|
|a химико-термическая обработка
|
| 610 |
1 |
|
|a конструкционные материалы
|
| 610 |
1 |
|
|a прочность
|
| 610 |
1 |
|
|a износостойкие материалы
|
| 610 |
1 |
|
|a инструментальные материалы
|
| 610 |
1 |
|
|a учебники
|
| 675 |
|
|
|a 620.22(075.8)
|v 3
|
| 701 |
|
1 |
|a Арзамасов
|b Б. Н.
|g Борис Николаевич
|
| 701 |
|
1 |
|a Макарова
|b В. И.
|g Вера Ивановна
|
| 701 |
|
1 |
|a Мухин
|b Г. Г.
|g Герасим Герасимович
|
| 701 |
|
1 |
|a Рыжков
|b Н. М.
|g Николай Михайлович
|
| 701 |
|
1 |
|a Силаева
|b В. И.
|g Вера Ивановна
|
| 801 |
|
1 |
|a RU
|b 63413507
|c 20050215
|g PSBO
|
| 801 |
|
2 |
|a RU
|b 63413507
|c 20220330
|g PSBO
|
| 900 |
|
|
|a Материаловедение
|
| 942 |
|
|
|c BK
|
| 952 |
|
|
|a 550000
|b 120800
|
| 959 |
|
|
|a 34/20050411
|d 5
|e 0
|f НФ:5
|